000 00293nam a2200109Ia 4500
008 230907s9999||||xx |||||||||||||| ||und||
082 _a333.79320685
_bELE
245 0 _aElectric power systems :
260 _aCRC Press,
_bBoca Raton :
_c2012
300 _a1 v. (various pagings ) :
942 _cBK
999 _c599146
_d599146